[Event "2nd GMA World Cup prel  #3"]
[Site "Palma de Mallorca"]
[Date "1989.??.??"]
[Round "4"]
[White "Muresan-Juncu, Margareta"]
[Black "Mednis, Edmar"]
[Result "0-1"]
[WhiteElo "2215"]
[BlackElo "2430"]
[EventDate "1989.12.??"]
[PlyCount "80"]

1.Nf3 Nf6 2.c4 e6 3.g3 d5 4.Bg2 dxc4 5.Qa4+ Nbd7 6.Qxc4 a6 7.Qb3 Bd6 8.O-O
Rb8 9.d3 c5 10.a4 b6 11.Nfd2 O-O 12.Nc4 Bc7 13.Nc3 Ne5 14.Bf4 Nxc4 15.Qxc4
Bxf4 16.Qxf4 Bb7 17.Bxb7 Rxb7 18.Qc4 a5 19.Rad1 Rd7 20.Nb5 Nd5 21.Rc1 e5 
22.Qb3 Re8 23.Rc4 Re6 24.Rfc1 Nb4 25.Re4 Rde7 26.Na3 Nc6 27.e3 f5 28.Rh4 
Kh8 29.Nc4 Nb4 30.Rd1 Qe8 31.f4 exf4 32.Rxf4 Rf6 33.e4 fxe4 34.Rxf6 gxf6 
35.dxe4 Rxe4 36.Qc3 Qe6 37.b3 Nc6 38.Rd6 Rxc4 39.Qxf6+ Qxf6 40.Rxf6 Rc1+ 
0-1

[Event "2nd GMA World Cup prel  #3"]
[Site "Palma de Mallorca"]
[Date "1989.??.??"]
[Round "4"]
[White "Polihroniade, Elisabeta"]
[Black "Shamkovich, Leonid"]
[Result "1-0"]
[WhiteElo "2170"]
[BlackElo "2425"]
[EventDate "1989.12.??"]
[PlyCount "61"]

1.e4 c5 2.Nf3 e6 3.d4 cxd4 4.Nxd4 a6 5.Nc3 Qc7 6.f4 Nc6 7.Be2 d6 8.Be3 Nf6
9.Qd2 Be7 10.O-O-O O-O 11.g4 d5 12.exd5 Nxd5 13.Nxd5 exd5 14.Nb3 Bd6 15.
Kb1 Ne7 16.h4 h5 17.Rhg1 hxg4 18.Bxg4 Bxg4 19.Rxg4 Nf5 20.Rdg1 Rfe8 21.Nd4
Qd7 22.Nxf5 Qxf5 23.Rxg7+ Kf8 24.R7g5 Qe4 25.f5 Ke7 26.f6+ Ke6 27.R5g4 Qf3
28.Bd4 Kd7 29.Rg7 Re2 30.Qa5 Qe4 31.Bc3 1-0

[Event "2nd GMA World Cup prel  #3"]
[Site "Palma de Mallorca"]
[Date "1989.??.??"]
[Round "4"]
[White "Zatulovskaya, Tatiana"]
[Black "Brustman, Agnieszka"]
[Result "1/2-1/2"]
[WhiteElo "2120"]
[BlackElo "2305"]
[EventDate "1989.12.??"]
[PlyCount "20"]

1.e4 c5 2.Nc3 d6 3.g3 Nc6 4.Bg2 g6 5.f4 Bg7 6.Nf3 e6 7.d3 Nge7 8.O-O O-O 
9.Be3 Nd4 10.Rb1 Rb8 1/2-1/2

[Event "2nd GMA World Cup prel  #3"]
[Site "Palma de Mallorca"]
[Date "1989.??.??"]
[Round "4"]
[White "Prins, Lodewijk"]
[Black "Heemskerk, Fenny"]
[Result "0-1"]
[WhiteElo "2245"]
[BlackElo "2020"]
[EventDate "1989.12.??"]
[PlyCount "112"]

1.e4 d6 2.d4 g6 3.g3 Bg7 4.Bg2 c5 5.dxc5 Qa5+ 6.Bd2 Qxc5 7.Bc3 Nf6 8.Ne2 
Nc6 9.O-O O-O 10.Nd2 Bg4 11.h3 Bxe2 12.Qxe2 Nh5 13.Bxg7 Kxg7 14.Nb3 Qb6 
15.Kh2 Rac8 16.c3 Nf6 17.Rad1 a5 18.Nc1 Ne5 19.Rfe1 Nc4 20.b3 Na3 21.c4 a4
22.Qe3 Qxe3 23.Rxe3 Nc2 24.Re2 Nb4 25.e5 dxe5 26.Bxb7 Rc7 27.Bg2 axb3 28.
axb3 Nd7 29.Na2 Nxa2 30.Rxa2 Rb8 31.Ra3 Nc5 32.Rb1 Nd7 33.Bf3 Rxc4 34.bxc4
Rxb1 35.Ra7 Rb3 36.Bg4 Nf6 37.Rxe7 Nxg4+ 38.hxg4 Rc3 39.Rc7 Kf6 40.Kg2 e4 
41.Rc5 h6 42.Kf1 Rc2 43.Ke1 Ke6 44.Rc7 f6 45.Kf1 h5 46.Rc6+ Ke5 47.g5 fxg5
48.Rxg6 Kf5 49.Rc6 Kg4 50.c5 e3 51.fxe3 Kxg3 52.Rc8 h4 53.Ke1 h3 54.Kd1 h2
55.Kxc2 h1=Q 56.Re8 Qd5 0-1

[Event "2nd GMA World Cup prel  #3"]
[Site "Palma de Mallorca"]
[Date "1989.??.??"]
[Round "5"]
[White "Van der Wiel, John"]
[Black "Georgiev, Krum"]
[Result "1/2-1/2"]
[WhiteElo "2545"]
[BlackElo "2590"]
[EventDate "1989.12.??"]
[PlyCount "38"]

1.e4 c5 2.Nf3 d6 3.d4 cxd4 4.Nxd4 Nf6 5.Nc3 a6 6.a4 e6 7.Be2 Nc6 8.O-O Qc7
9.Be3 Be7 10.f4 O-O 11.Kh1 Re8 12.Bf3 Nxd4 13.Qxd4 e5 14.Qd2 exf4 15.Bxf4 
Be6 16.Rfd1 Rad8 17.a5 Qc8 18.Na4 Nd7 19.Qf2 Ne5 1/2-1/2

[Event "2nd GMA World Cup prel  #3"]
[Site "Palma de Mallorca"]
[Date "1989.??.??"]
[Round "5"]
[White "Dolmatov, Sergei"]
[Black "Panno, Oscar"]
[Result "1-0"]
[WhiteElo "2615"]
[BlackElo "2500"]
[EventDate "1989.12.??"]
[PlyCount "83"]

1.e4 e6 2.d4 d5 3.Nc3 Bb4 4.e5 Ne7 5.a3 Bxc3+ 6.bxc3 b6 7.Qg4 Ng6 8.h4 h5 
9.Qd1 Ba6 10.Bxa6 Nxa6 11.Bg5 Qd7 12.Ne2 Ne7 13.Nf4 O-O-O 14.Nxh5 Rdg8 15.
Ng3 Nb8 16.h5 Nf5 17.Nxf5 exf5 18.Qf3 Nc6 19.Kf1 Na5 20.g3 Nc4 21.Kg2 Rh7 
22.Rh4 Kb8 23.a4 Qe6 24.Rah1 a5 25.h6 gxh6 26.Rxh6 Rxh6 27.Rxh6 Rg6 28.
Rh8+ Kb7 29.Rh5 b5 30.axb5 a4 31.Bc1 a3 32.Bxa3 Nxa3 33.c4 Nxc4 34.Rxf5 
Nd2 35.Qf4 Ne4 36.Rxf7 Ng5 37.Rf5 Qg8 38.Rf6 Rg7 39.Qf5 Qe8 40.e6 Qxb5 41.
Qe5 Nh7 42.Rf7 1-0

[Event "2nd GMA World Cup prel  #3"]
[Site "Palma de Mallorca"]
[Date "1989.??.??"]
[Round "5"]
[White "Georgiev, Kiril"]
[Black "Gheorghiu, Florin"]
[Result "1/2-1/2"]
[WhiteElo "2590"]
[BlackElo "2500"]
[EventDate "1989.12.??"]
[PlyCount "52"]

1.c4 c5 2.Nf3 Nf6 3.Nc3 e6 4.g3 b6 5.Bg2 Bb7 6.O-O Nc6 7.Ne5 Qc8 8.Nxc6 
Bxc6 9.e4 d6 10.d4 cxd4 11.Qxd4 Be7 12.Re1 Qd7 13.Qd3 O-O 14.e5 Ne8 15.Bf4
Bxg2 16.Kxg2 Qc6+ 17.Qf3 Qxf3+ 18.Kxf3 dxe5 19.Bxe5 Bf6 20.Rad1 Bxe5 21.
Rxe5 Nf6 22.Nb5 Rfc8 23.b3 a6 24.Nd6 Rc7 25.Re2 Kf8 26.h4 h5 1/2-1/2

[Event "2nd GMA World Cup prel  #3"]
[Site "Palma de Mallorca"]
[Date "1989.??.??"]
[Round "5"]
[White "Campora, Daniel Hugo"]
[Black "Petursson, Margeir"]
[Result "0-1"]
[WhiteElo "2495"]
[BlackElo "2590"]
[EventDate "1989.12.??"]
[PlyCount "150"]

1.e4 c5 2.Nf3 Nc6 3.Bb5 d6 4.O-O Bd7 5.Re1 Nf6 6.c3 a6 7.Bf1 Bg4 8.h3 Bxf3
9.Qxf3 g6 10.d3 Bg7 11.g4 O-O 12.Bg2 Rb8 13.Qg3 e5 14.Na3 d5 15.f4 dxe4 
16.dxe4 b5 17.f5 Qc7 18.Nc2 Rfd8 19.Ne3 c4 20.Qf2 Rd3 21.Nd5 Nxd5 22.exd5 
Na5 23.Be4 b4 24.cxb4 Rxb4 25.Bxd3 cxd3 26.Bd2 Rb5 27.Rac1 Qd8 28.f6 Bf8 
29.Rxe5 Nb7 30.b4 Rxd5 31.Rxd5 Qxd5 32.Rc8 Nd8 33.a4 Qd7 34.Ra8 Qd6 35.Qf4
Qd5 36.Rc8 Ne6 37.Qf2 Qd7 38.Ra8 Qd5 39.Rb8 Qd6 40.Rb6 Qd5 41.Be3 h5 42.
Rb8 hxg4 43.hxg4 Qe5 44.Re8 Qe4 45.g5 Qxb4 46.a5 Qa4 47.Rc8 Qxa5 48.Qd2 
Qf5 49.Qg2 Qe5 50.Qf3 a5 51.Kf2 a4 52.Qa8 Qh2+ 53.Qg2 Qd6 54.Qc6 Qb4 55.
Qd5 a3 56.Bc5 Qh4+ 57.Kf1 Qh3+ 58.Kg1 Qg3+ 59.Kf1 Qh3+ 60.Kg1 Qg4+ 61.Kf2 
Qe2+ 62.Kg3 Qe1+ 63.Kh3 Qc3 64.Rxf8+ Nxf8 65.Bxf8 Qc8+ 66.Kg3 Qxf8 67.Qxd3
Qa8 68.Qd4 a2 69.Qa1 Qb8+ 70.Kg2 Qb7+ 71.Kh2 Qc7+ 72.Kg2 Qc6+ 73.Kh2 Qa8 
74.Kg3 Kh7 75.Kf2 Qd5 0-1

[Event "2nd GMA World Cup prel  #3"]
[Site "Palma de Mallorca"]
[Date "1989.??.??"]
[Round "5"]
[White "Chandler, Murray Graham"]
[Black "Zaichik, Gennadi"]
[Result "0-1"]
[WhiteElo "2585"]
[BlackElo "2500"]
[EventDate "1989.12.??"]
[PlyCount "124"]

1.e4 c5 2.Nf3 d6 3.d4 cxd4 4.Nxd4 Nf6 5.Nc3 Nc6 6.Bg5 Bd7 7.Be2 Qa5 8.Bxf6
gxf6 9.O-O Nxd4 10.Qxd4 Rc8 11.Kh1 Qc5 12.Qd2 Bg7 13.Bd3 f5 14.Nd5 Kf8 15.
b4 Qc6 16.Qg5 Re8 17.Rae1 h6 18.Qh4 fxe4 19.Bxe4 Qc4 20.Qf4 Bc6 21.Qf3 e6 
22.Nf6 Bxe4 23.Nxe4 Rd8 24.Rd1 b6 25.Rfe1 d5 26.Ng3 Rd6 27.Nh5 Rg8 28.a3 
Bh8 29.h3 Rg5 30.g4 Rc6 31.Nf4 Kg8 32.Nd3 e5 33.Nb2 Qc3 34.Qxc3 Rxc3 35.
Rxd5 Rxh3+ 36.Kg2 Rxa3 37.f3 e4 38.Nc4 exf3+ 39.Kg3 Rc3 40.Rd8+ Kh7 41.Ne3
Bf6 42.Re8 Re5 43.Nf5 f2+ 44.Kxf2 Rxc2+ 45.Kf3 Rc3+ 46.Kf2 Rc2+ 47.Kf3 
Rc3+ 48.Kg2 Rxe1 49.Rxe1 Rc4 50.Rh1 Bg5 51.Kf3 Rf4+ 52.Kg3 Rxb4 53.Rd1 
Rb3+ 54.Kg2 Rb2+ 55.Kf3 Rb3+ 56.Kg2 Rb2+ 57.Kf3 Rd2 58.Ra1 Rd7 59.Ke4 Kg6 
60.Ra2 Rc7 61.Ra3 Rc4+ 62.Kf3 h5 0-1

[Event "2nd GMA World Cup prel  #3"]
[Site "Palma de Mallorca"]
[Date "1989.??.??"]
[Round "5"]
[White "Suba, Mihai"]
[Black "Spraggett, Kevin"]
[Result "1-0"]
[WhiteElo "2500"]
[BlackElo "2585"]
[EventDate "1989.12.??"]
[PlyCount "57"]

1.Nf3 d6 2.d4 g6 3.c4 Bg7 4.Nc3 Bg4 5.e3 Nc6 6.Be2 e5 7.d5 Nce7 8.e4 Bxf3 
9.Bxf3 Nf6 10.Bg5 h6 11.Be3 h5 12.c5 Bh6 13.cxd6 cxd6 14.Bxh6 Rxh6 15.a4 
Kf8 16.a5 a6 17.O-O Kg7 18.Qd2 Nh7 19.Na4 f5 20.Nb6 Rb8 21.Ra4 Nc8 22.Rc4 
Nxb6 23.axb6 Qxb6 24.Rfc1 f4 25.Rc7+ Kf6 26.Qc3 Ng5 27.h4 Nxf3+ 28.Qxf3 
Re8 29.Qh3 1-0

[Event "2nd GMA World Cup prel  #3"]
[Site "Palma de Mallorca"]
[Date "1989.??.??"]
[Round "5"]
[White "Miles, Anthony John"]
[Black "Kosten, Anthony Cornelius"]
[Result "1-0"]
[WhiteElo "2580"]
[BlackElo "2500"]
[EventDate "1989.12.??"]
[PlyCount "57"]

1.g3 c5 2.Bg2 Nc6 3.c4 g6 4.Nc3 Bg7 5.Nf3 e6 6.d4 cxd4 7.Nb5 d5 8.cxd5 
Qa5+ 9.Qd2 Qxb5 10.dxc6 Qxc6 11.O-O Qb6 12.b3 Ne7 13.Ba3 Nd5 14.Rac1 Nc3 
15.e3 dxe3 16.fxe3 Qa6 17.Bb2 Ne4 18.Qc2 Nf6 19.Ng5 e5 20.Qc5 Be6 21.Rxf6 
Bxf6 22.Bf1 Rc8 23.Bb5+ Rc6 24.Ne4 Be7 25.Qxe5 f6 26.Rxc6 fxe5 27.Rxa6+ 
Kf7 28.Rxa7 Bd5 29.Bc4 1-0

[Event "2nd GMA World Cup prel  #3"]
[Site "Palma de Mallorca"]
[Date "1989.??.??"]
[Round "5"]
[White "Makarichev, Sergei"]
[Black "Tukmakov, Vladimir"]
[Result "1-0"]
[WhiteElo "2510"]
[BlackElo "2565"]
[EventDate "1989.12.??"]
[PlyCount "73"]

1.e4 e5 2.Nf3 Nc6 3.Nc3 g6 4.d4 exd4 5.Nxd4 Bg7 6.Be3 Nf6 7.Qd2 O-O 8.
O-O-O Nxd4 9.Bxd4 d6 10.f3 Be6 11.g4 c5 12.Be3 Qa5 13.Bh6 Bxh6 14.Qxh6 b5 
15.Bxb5 Rab8 16.a4 a6 17.Rxd6 axb5 18.e5 Nxg4 19.fxg4 Qb4 20.a5 Qxg4 21.
Re1 Qf5 22.Qh4 b4 23.Ne4 h5 24.Rd2 Kg7 25.Qf6+ Kh6 26.Nxc5 Rb5 27.Nxe6 
fxe6 28.Qxf5 Rxf5 29.a6 Rfxe5 30.Rxe5 Rxe5 31.Rd6 Kg5 32.c4 Kh4 33.Kc2 Kh3
34.Kb3 Kxh2 35.Kxb4 Re1 36.a7 Ra1 37.Rd2+ 1-0

[Event "2nd GMA World Cup prel  #3"]
[Site "Palma de Mallorca"]
[Date "1989.??.??"]
[Round "5"]
[White "Tseshkovsky, Vitaly"]
[Black "Razuvaev, Yury"]
[Result "1/2-1/2"]
[WhiteElo "2520"]
[BlackElo "2545"]
[EventDate "1989.12.??"]
[PlyCount "50"]

1.e4 c5 2.Nf3 d6 3.d4 cxd4 4.Nxd4 Nf6 5.Nc3 a6 6.Be3 e6 7.Be2 Be7 8.O-O 
O-O 9.f4 Qc7 10.a4 b6 11.Kh1 Bb7 12.f5 e5 13.Nb3 Nbd7 14.Nd5 Nxd5 15.exd5 
Nf6 16.c4 b5 17.Rc1 bxc4 18.Bxc4 Rfc8 19.Qd2 Qd7 20.Na5 Qxa4 21.b3 Qd7 22.
Ra1 Bd8 23.Ra2 Rcb8 24.Qd3 h6 25.h3 Bxa5 1/2-1/2

[Event "2nd GMA World Cup prel  #3"]
[Site "Palma de Mallorca"]
[Date "1989.??.??"]
[Round "5"]
[White "Velikov, Petar"]
[Black "Dorfman, Iosif"]
[Result "0-1"]
[WhiteElo "2480"]
[BlackElo "2585"]
[EventDate "1989.12.??"]
[PlyCount "66"]

1.Nf3 g6 2.g3 Bg7 3.d4 c5 4.c3 b6 5.dxc5 bxc5 6.Qd5 Nc6 7.Qxc5 Nf6 8.Bg2 
Ba6 9.Nd4 Nxd4 10.Qxd4 O-O 11.Bxa8 Qxa8 12.f3 e5 13.Qd1 e4 14.Kf2 Re8 15.
Re1 Qc6 16.Na3 Qe6 17.Nc2 Qh3 18.Kg1 Re5 19.Bf4 Rd5 20.Nd4 Rh5 21.g4 Nd5 
22.Qb3 Nxf4 23.Qb8+ Bc8 24.Qxc8+ Bf8 25.Kf2 Re5 26.Ke3 exf3+ 27.Kxf4 d6 
28.e4 f2 29.Nf3 fxe1=Q 30.Rxe1 h5 31.Nxe5 dxe5+ 32.Kg5 Kg7 33.Qd7 Qxg4+ 
0-1

[Event "2nd GMA World Cup prel  #3"]
[Site "Palma de Mallorca"]
[Date "1989.??.??"]
[Round "5"]
[White "Watson, William"]
[Black "Kudrin, Sergei"]
[Result "1-0"]
[WhiteElo "2495"]
[BlackElo "2570"]
[EventDate "1989.12.??"]
[PlyCount "105"]

1.e4 c5 2.Nf3 d6 3.d4 cxd4 4.Nxd4 Nf6 5.Nc3 g6 6.Be3 Bg7 7.f3 Nc6 8.Qd2 
O-O 9.Bc4 Bd7 10.h4 h5 11.O-O-O Ne5 12.Bb3 Rc8 13.Bh6 Bxh6 14.Qxh6 Rxc3 
15.bxc3 Qc7 16.Kb1 Rc8 17.g4 a5 18.Nf5 Bxf5 19.exf5 Qxc3 20.fxg6 Nc4 21.
gxf7+ Kxf7 22.Qc1 a4 23.Bxc4+ Qxc4 24.Qd2 Rc5 25.Qd3 Qb4+ 26.Ka1 Rc3 27.
Qd4 Rc4 28.c3 Qb5 29.Qd2 hxg4 30.fxg4 Rxg4 31.Rdf1 Ke8 32.Rb1 Qh5 33.Qe2 
Kf7 34.Rhe1 e5 35.Rg1 Qxh4 36.Rxb7+ Ke6 37.Rxg4 Qxg4 38.Qxg4+ Nxg4 39.Rb4 
Nf2 40.Rxa4 e4 41.Kb1 Ke5 42.Kc2 e3 43.Ra8 Kd5 44.Re8 Ne4 45.Kd3 Nc5+ 46.
Kxe3 Kc4 47.Kd2 d5 48.Rb8 Nd7 49.Rc8+ Kb5 50.Kd3 Ne5+ 51.Kd4 Nc6+ 52.Rxc6 
Kxc6 53.a4 1-0

[Event "2nd GMA World Cup prel  #3"]
[Site "Palma de Mallorca"]
[Date "1989.??.??"]
[Round "5"]
[White "Malaniuk, Vladimir"]
[Black "Timoschenko, Gennady"]
[Result "1/2-1/2"]
[WhiteElo "2560"]
[BlackElo "2500"]
[EventDate "1989.12.??"]
[PlyCount "42"]

1.d4 Nf6 2.Nf3 g6 3.Bg5 Bg7 4.Nbd2 O-O 5.c3 d6 6.e4 c5 7.dxc5 dxc5 8.Bc4 
Nc6 9.O-O Qc7 10.Re1 h6 11.Bh4 Nh5 12.Qc2 b6 13.Be2 Bb7 14.Nc4 g5 15.Bg3 
Nxg3 16.hxg3 Ne5 17.Nfxe5 Bxe5 18.Nxe5 Qxe5 19.Bc4 Rad8 20.Rad1 e6 21.Rd2 
Rd6 1/2-1/2

[Event "2nd GMA World Cup prel  #3"]
[Site "Palma de Mallorca"]
[Date "1989.??.??"]
[Round "5"]
[White "Vladimirov, Evgeny"]
[Black "Gurevich, Dmitry"]
[Result "1-0"]
[WhiteElo "2565"]
[BlackElo "2490"]
[EventDate "1989.12.??"]
[PlyCount "75"]

1.d4 Nf6 2.c4 e6 3.Nf3 c5 4.g3 cxd4 5.Nxd4 Qc7 6.Nd2 Nc6 7.Nb5 Qb8 8.Bg2 
a6 9.Nc3 b5 10.O-O Be7 11.cxb5 axb5 12.Nde4 b4 13.Nxf6+ gxf6 14.Na4 Ba6 
15.Be3 Bxe2 16.Qxe2 Rxa4 17.Rfd1 d5 18.Qc2 Qa8 19.Bf1 O-O 20.Bb5 Ra6 21.
Bxa6 Qxa6 22.Bc5 Bxc5 23.Qxc5 Rb8 24.Qd6 Qa8 25.Qf4 Kg7 26.a3 Ne5 27.axb4 
Qb7 28.Rd4 Rc8 29.Qe3 Rc2 30.Rh4 Kg8 31.Ra3 h5 32.Rxh5 d4 33.Qh6 Ng6 34.
Rb5 Rc1+ 35.Qxc1 Qxb5 36.Qc5 Qb7 37.Qxd4 Ne5 38.Qf4 1-0

[Event "2nd GMA World Cup prel  #3"]
[Site "Palma de Mallorca"]
[Date "1989.??.??"]
[Round "5"]
[White "Gavrikov, Viktor"]
[Black "King, Daniel John"]
[Result "1/2-1/2"]
[WhiteElo "2555"]
[BlackElo "2495"]
[EventDate "1989.12.??"]
[PlyCount "145"]

1.Nf3 Nf6 2.c4 e6 3.Nc3 d5 4.d4 Be7 5.Bg5 h6 6.Bh4 O-O 7.e3 b6 8.Rc1 Bb7 
9.Be2 Nbd7 10.cxd5 exd5 11.O-O c5 12.Qc2 Rc8 13.Rfd1 a6 14.dxc5 bxc5 15.
Qb3 Qb6 16.Bg3 Rfd8 17.Ne5 Qxb3 18.axb3 Nf8 19.Bf3 Ne6 20.Nc4 Ng5 21.Nb6 
Nxf3+ 22.gxf3 Rc6 23.Nbxd5 Nxd5 24.Nxd5 Kf8 25.e4 Re6 26.Ne3 Rb6 27.Rxd8+ 
Bxd8 28.Rd1 Bf6 29.Bd6+ Ke8 30.Rd3 Bd4 31.Nc4 Rb5 32.Bc7 Kd7 33.Be5 Ke7 
34.Bd6+ Ke6 35.b4 f5 36.Bxc5 Bxc5 37.exf5+ Kxf5 38.bxc5 Kf4 39.Rd4+ Kg5 
40.Rd7 Bxf3 41.Rxg7+ Kf6 42.Rc7 Bd5 43.Ne3 Bf3 44.Rc8 Ke7 45.Rc7+ Kf8 46.
Nc4 Bd5 47.Nb6 Be4 48.Na4 Rb4 49.Nc3 Bf3 50.c6 Rxb2 51.Rc8+ Kg7 52.c7 Rc2 
53.Rg8+ Kh7 54.h3 Rc1+ 55.Kh2 Rh1+ 56.Kg3 Rg1+ 57.Kxf3 Rxg8 58.Ke4 Rc8 59.
Nd5 a5 60.Ke5 a4 61.Kd6 a3 62.Nc3 Kg6 63.Kd7 Rf8 64.c8=Q Rxc8 65.Kxc8 Kf5 
66.Kd7 Kf4 67.Ke6 Kf3 68.h4 Kxf2 69.Kf5 Ke3 70.Kg6 Kd3 71.Na2 Kc2 72.Kxh6 
Kb3 73.Nc1+ 1/2-1/2

[Event "2nd GMA World Cup prel  #3"]
[Site "Palma de Mallorca"]
[Date "1989.??.??"]
[Round "5"]
[White "Cebalo, Miso"]
[Black "Eingorn, Vyacheslav"]
[Result "0-1"]
[WhiteElo "2485"]
[BlackElo "2560"]
[EventDate "1989.12.??"]
[PlyCount "80"]

1.Nf3 g6 2.c4 Bg7 3.Nc3 c5 4.g3 b6 5.Bg2 Bb7 6.b3 Nc6 7.O-O Nd4 8.e3 Nxf3+
9.Bxf3 Bxf3 10.Qxf3 Nh6 11.Bb2 O-O 12.Rad1 Nf5 13.d3 a6 14.Qe2 e6 15.Ne4 
d5 16.Bxg7 Nxg7 17.Nd2 Re8 18.Rb1 a5 19.Rfd1 Qd6 20.Nf3 e5 21.cxd5 Qxd5 
22.e4 Qd8 23.a3 Ne6 24.Qb2 Ng5 25.Nxg5 Qxg5 26.b4 cxb4 27.axb4 a4 28.d4 
exd4 29.Rxd4 Qf6 30.Qa1 Red8 31.Rxd8+ Qxd8 32.Rd1 Qe7 33.Qd4 b5 34.Qd5 Rb8
35.Rd4 a3 36.e5 Qe6 37.Qe4 a2 38.Rd1 Qb3 39.Re1 Qc3 40.e6 f5 0-1

[Event "2nd GMA World Cup prel  #3"]
[Site "Palma de Mallorca"]
[Date "1989.??.??"]
[Round "5"]
[White "Kozul, Zdenko"]
[Black "Gligoric, Svetozar"]
[Result "0-1"]
[WhiteElo "2560"]
[BlackElo "2485"]
[EventDate "1989.12.??"]
[PlyCount "78"]

1.d4 Nf6 2.c4 e6 3.Nf3 b6 4.Nc3 Bb7 5.a3 d5 6.cxd5 exd5 7.g3 c5 8.Bg5 Be7 
9.Qa4+ Nbd7 10.Bh3 O-O 11.O-O h6 12.Be3 Re8 13.b4 cxb4 14.axb4 a5 15.bxa5 
bxa5 16.Ne5 Nb6 17.Qb5 Ba6 18.Qc6 Nc4 19.Nxf7 Kxf7 20.Be6+ Kf8 21.Nxd5 
Nxd5 22.Bxd5 Qd6 23.Bf4 Qxc6 24.Bxc6 Rac8 25.Bxe8 Kxe8 26.Rfb1 Rd8 27.e3 
Bb4 28.h4 Ra8 29.d5 Nd2 30.Rd1 g5 31.hxg5 hxg5 32.Bc7 Bc4 33.e4 g4 34.Bf4 
Nb3 35.Ra4 Ra7 36.Bd6 Be2 37.Bxb4 Bxd1 38.f4 gxf3 39.Kf2 Rh7 0-1

[Event "2nd GMA World Cup prel  #3"]
[Site "Palma de Mallorca"]
[Date "1989.??.??"]
[Round "5"]
[White "Knaak, Rainer"]
[Black "Vyzhmanavin, Alexei"]
[Result "1-0"]
[WhiteElo "2485"]
[BlackElo "2555"]
[EventDate "1989.12.??"]
[PlyCount "81"]

1.d4 f5 2.Nc3 d5 3.Bg5 g6 4.h4 Bg7 5.Nh3 c6 6.Qd3 Qd6 7.Bf4 e5 8.Bxe5 Bxe5
9.Qe3 Nd7 10.f4 Qe7 11.fxe5 Qxh4+ 12.g3 Qe7 13.Nf4 Nf8 14.Qd2 Be6 15.Na4 
Bf7 16.Nc5 g5 17.Nh3 b6 18.Na6 Ne6 19.e3 Qd7 20.e4 fxe4 21.Nxg5 Nxg5 22.
Qxg5 Be6 23.Be2 Ne7 24.Rh6 Rg8 25.Bh5+ Kd8 26.Qh4 Kc8 27.Rxh7 Nf5 28.Rxd7 
Kxd7 29.Qh2 Rxg3 30.O-O-O Rh8 31.Rh1 Rg5 32.Qe2 Rhg8 33.b3 Rg2 34.Qe1 Nxd4
35.Bd1 R8g7 36.Qb4 c5 37.Qa4+ Ke7 38.Nxc5 bxc5 39.Qxa7+ Bd7 40.Qxc5+ Ke6 
41.Qxd4 1-0

[Event "2nd GMA World Cup prel  #3"]
[Site "Palma de Mallorca"]
[Date "1989.??.??"]
[Round "5"]
[White "Hulak, Krunoslav"]
[Black "Lein, Anatoly"]
[Result "1/2-1/2"]
[WhiteElo "2550"]
[BlackElo "2490"]
[EventDate "1989.12.??"]
[PlyCount "176"]

1.d4 Nf6 2.c4 g6 3.g3 c6 4.Nc3 d5 5.cxd5 cxd5 6.Bg2 Bg7 7.Nf3 O-O 8.O-O e6
9.Ne5 Bd7 10.b3 Qb6 11.Bg5 Bc6 12.Qd2 Nfd7 13.Nf3 a5 14.Rab1 Na6 15.Rfc1 
Nc7 16.a4 Rfe8 17.h4 Na6 18.h5 Nb4 19.Bh6 Qd8 20.Nd1 Qe7 21.Bxg7 Kxg7 22.
Ne3 Nf6 23.hxg6 hxg6 24.Ne5 Rh8 25.Rc3 Rh7 26.f3 Nh5 27.Nf1 Nf6 28.Re1 Nd7
29.Nxd7 Qxd7 30.Nh2 Qd6 31.f4 Rhh8 32.Ng4 f6 33.Nh2 Rhc8 34.g4 Bd7 35.Rec1
Rxc3 36.Rxc3 Nc6 37.Nf3 Rh8 38.g5 fxg5 39.Nxg5 Qb4 40.Nf3 Rf8 41.e3 Rc8 
42.Qb2 Ne7 43.Rxc8 Bxc8 44.Qc2 Qd6 45.Ne5 Bd7 46.Bh3 Be8 47.Qc3 b6 48.Bf1 
Qd8 49.Bd3 Nf5 50.Bxf5 gxf5 51.Nf3 Kf6 52.Qe1 Ke7 53.Qh4+ Kd7 54.Ne5+ Kc7 
55.Qh7+ Kd6 56.Qh8 Qe7 57.Kf2 Kc7 58.Nf3 Kb7 59.Ng5 Bd7 60.Nf3 Be8 61.Qg8 
Bh5 62.Qg5 Qe8 63.Qg7+ Qf7 64.Qxf7+ Bxf7 65.Ng5 Bh5 66.Ke1 Kc7 67.Nxe6+ 
Kd7 68.Ng5 Ke7 69.Nh3 Bg4 70.Nf2 Bf3 71.Kd2 Kd6 72.Nd3 Kc7 73.b4 Bh5 74.
bxa5 bxa5 75.Nc5 Be8 76.Ke1 Kd6 77.Kf2 Ke7 78.Nb7 Bxa4 79.Nxa5 Be8 80.Ke1 
Kd6 81.Nb3 Kc6 82.Nc5 Kb5 83.Kf2 Kc4 84.Kg3 Kc3 85.Kh4 Kd2 86.Kg5 Kxe3 87.
Kxf5 Kxd4 88.Ne6+ Kc4 1/2-1/2

[Event "2nd GMA World Cup prel  #3"]
[Site "Palma de Mallorca"]
[Date "1989.??.??"]
[Round "5"]
[White "Sveshnikov, Evgeny"]
[Black "Popovic, Petar"]
[Result "1/2-1/2"]
[WhiteElo "2485"]
[BlackElo "2550"]
[EventDate "1989.12.??"]
[PlyCount "83"]

1.e4 c5 2.c3 e6 3.d4 d5 4.e5 Nc6 5.Nf3 Bd7 6.dxc5 Bxc5 7.b4 Bb6 8.b5 Na5 
9.Bd3 Qc7 10.O-O Ne7 11.a4 Ng6 12.Re1 Bc5 13.Ra2 O-O-O 14.Be3 Bxe3 15.Rxe3
f6 16.Rae2 Kb8 17.h3 Bc8 18.Qc2 f5 19.Re1 b6 20.Nd4 Rhe8 21.g4 fxg4 22.
Bxg6 hxg6 23.Qxg6 gxh3 24.Rg3 Rf8 25.f3 Bd7 26.Rxh3 Nc4 27.Qg5 Rh8 28.Rxh8
Rxh8 29.Kg2 Nb2 30.Rh1 Rxh1 31.Kxh1 Nxa4 32.Qxg7 Kb7 33.Kg2 Bc8 34.Qxc7+ 
Kxc7 35.f4 Kd7 36.Kf3 a6 37.Kg4 axb5 38.Nxb5 Ba6 39.N1a3 Ke7 40.Kg5 Bxb5 
41.Nxb5 Nc5 42.Nd6 1/2-1/2

[Event "2nd GMA World Cup prel  #3"]
[Site "Palma de Mallorca"]
[Date "1989.??.??"]
[Round "5"]
[White "Olafsson, Helgi"]
[Black "Mohr, Stefan"]
[Result "1-0"]
[WhiteElo "2545"]
[BlackElo "2485"]
[EventDate "1989.12.??"]
[PlyCount "77"]

1.c4 e5 2.g3 d6 3.Bg2 g6 4.d4 Nd7 5.Nc3 Bg7 6.Nf3 Nh6 7.O-O O-O 8.e4 c6 9.
Re1 Qe7 10.b3 f5 11.Ba3 exd4 12.exf5 Qd8 13.Nxd4 Qa5 14.Bb2 Nxf5 15.Nxf5 
Qxf5 16.f4 Nc5 17.Na4 Bxb2 18.Nxb2 Qf6 19.Qd2 Bf5 20.Rac1 Rfe8 21.Rc3 
Rxe1+ 22.Qxe1 Kf8 23.Qd2 Re8 24.Nd1 Ne4 25.Bxe4 Rxe4 26.Nf2 Re7 27.g4 Be4 
28.g5 Qe6 29.Re3 d5 30.Qd4 Kg8 31.h3 h5 32.gxh6 Kh7 33.Ng4 Rf7 34.cxd5 
cxd5 35.Qe5 Qxe5 36.fxe5 g5 37.e6 Re7 38.Nf6+ Kh8 39.Rc3 1-0

[Event "2nd GMA World Cup prel  #3"]
[Site "Palma de Mallorca"]
[Date "1989.??.??"]
[Round "5"]
[White "Damljanovic, Branko"]
[Black "Magerramov, Elmar"]
[Result "1-0"]
[WhiteElo "2555"]
[BlackElo "2470"]
[EventDate "1989.12.??"]
[PlyCount "79"]

1.d4 Nf6 2.c4 e6 3.Nf3 c5 4.d5 exd5 5.cxd5 d6 6.Nc3 g6 7.Nd2 Bg7 8.e4 O-O 
9.Be2 Na6 10.O-O Ne8 11.Nc4 f5 12.exf5 Bxf5 13.Be3 Nac7 14.a4 Qe7 15.Qd2 
Qf7 16.Rad1 Rd8 17.Rfe1 a6 18.Nb6 Nf6 19.Bg5 Na8 20.Nc4 Nc7 21.Qf4 Qd7 22.
Ne3 Rde8 23.Nxf5 gxf5 24.Bd3 Ng4 25.Rxe8 Nxe8 26.h3 Ne5 27.Bc2 Nc7 28.Ne2 
Qf7 29.Qg3 Kh8 30.Nf4 Ng6 31.Nxg6+ hxg6 32.Qh4+ Kg8 33.b4 Bd4 34.bxc5 dxc5
35.d6 Ne6 36.Bb3 b5 37.axb5 axb5 38.Bd5 Re8 39.Re1 b4 40.Be7 1-0

[Event "2nd GMA World Cup prel  #3"]
[Site "Palma de Mallorca"]
[Date "1989.??.??"]
[Round "5"]
[White "Smagin, Sergei"]
[Black "Sunye Neto, Jaime"]
[Result "1/2-1/2"]
[WhiteElo "2535"]
[BlackElo "2480"]
[EventDate "1989.12.??"]
[PlyCount "55"]

1.e4 c5 2.Nf3 d6 3.d4 cxd4 4.Nxd4 Nf6 5.Nc3 a6 6.Be2 e5 7.Nb3 Be7 8.Be3 
Be6 9.f4 exf4 10.Bxf4 Nc6 11.Qd2 O-O 12.O-O-O Ne5 13.Nd4 Rc8 14.Nf5 Bxf5 
15.exf5 b5 16.a3 Nc4 17.Bxc4 Rxc4 18.Rhe1 Re8 19.Kb1 b4 20.axb4 Rxb4 21.
Rxe7 Rxe7 22.Qxd6 Rd7 23.Qxb4 Rxd1+ 24.Nxd1 Qxd1+ 25.Ka2 h6 26.Qd2 Qg4 27.
Be5 Ne4 28.Qd4 1/2-1/2

[Event "2nd GMA World Cup prel  #3"]
[Site "Palma de Mallorca"]
[Date "1989.??.??"]
[Round "5"]
[White "Inkiov, Ventzislav"]
[Black "Benjamin, Joel"]
[Result "1/2-1/2"]
[WhiteElo "2475"]
[BlackElo "2530"]
[EventDate "1989.12.??"]
[PlyCount "128"]

1.e4 c5 2.Nf3 Nc6 3.d4 cxd4 4.Nxd4 Nf6 5.Nc3 e5 6.Ndb5 d6 7.Bg5 a6 8.Na3 
b5 9.Nd5 Be7 10.Bxf6 Bxf6 11.c3 Ne7 12.Nc2 Nxd5 13.exd5 Qb6 14.Be2 Bg5 15.
Nb4 O-O 16.a4 bxa4 17.Qxa4 Bb7 18.Qa5 Bd8 19.Qxb6 Bxb6 20.O-O a5 21.Nc6 
Bxc6 22.dxc6 d5 23.Rfd1 d4 24.cxd4 Bxd4 25.Rac1 Rfc8 26.b3 Rc7 27.Bb5 Rb8 
28.Ba4 Kf8 29.Kf1 Rb4 30.Rc2 Ke7 31.f4 f6 32.fxe5 fxe5 33.Ke2 Ke6 34.Rf1 
Rb8 35.Rf3 Kd5 36.Rc1 Ke4 37.Rcf1 Rb4 38.Rc1 Rb8 39.g4 Rd8 40.g5 Rb8 41.h4
g6 42.h5 gxh5 43.Rh1 Rg8 44.Rxh5 Kd5 45.Rf6 Kc5 46.Rf5 Kb6 47.Kf3 Re7 48.
Ke4 Rd8 49.Rh6 Bb2 50.Rf2 Ba3 51.Rc2 Rd4+ 52.Ke3 Kc7 53.Rf6 Rg7 54.Rf5 Rg4
55.Rxe5 R4xg5 56.Rxg5 Rxg5 57.Ke4 Bd6 58.Rf2 Re5+ 59.Kd3 Kb6 60.Rf6 Bc7 
61.Rh6 Rd5+ 62.Ke4 Re5+ 63.Kd4 Rg5 64.Rxh7 Rf5 1/2-1/2